|
|
|
|
| LEADER |
00000nam0a2200000 4500 |
| 001 |
320238 |
| 005 |
20231102003247.0 |
| 035 |
|
|
|a (RuTPU)RU\TPU\book\345768
|
| 090 |
|
|
|a 320238
|
| 100 |
|
|
|a 20160629d1872 k y0rusy50 ca
|
| 101 |
1 |
|
|a rus
|c swe
|
| 102 |
|
|
|a RU
|
| 105 |
|
|
|a a z 000zy
|
| 200 |
1 |
|
|a Руководство к химичеким пробам железа, железных руд и горючих материалов
|f В. Эггерц
|g пер. М. Хирьякова
|
| 210 |
|
|
|a Санкт-Петербург
|c Типография В. Демакова
|d 1872
|
| 215 |
|
|
|a 186 с.
|c ил.
|e с двумя табл. чертежей
|
| 316 |
|
|
|5 63413507: 489//269
|a Владельческий переплет "Т.А.Реальн.У."
|
| 317 |
|
|
|5 63413507: 489//269
|a Поступила в НТБ в 1923-1924 гг. по распоряжению Наркомпроса
|
| 606 |
1 |
|
|a Химический анализ
|2 stltpush
|3 (RuTPU)RU\TPU\subj\70293
|9 84646
|
| 606 |
1 |
|
|a Железные руды
|x Химический анализ
|2 stltpush
|3 (RuTPU)RU\TPU\subj\10505
|9 37568
|
| 610 |
1 |
|
|a металлы
|
| 610 |
1 |
|
|a железные руды
|
| 610 |
1 |
|
|a горючие материалы
|
| 610 |
1 |
|
|a анализ
|
| 675 |
|
|
|a 543
|v 4
|
| 675 |
|
|
|a 669.162.12
|v 3
|
| 700 |
|
1 |
|a Эггерц
|b В.
|c профессор гГорной школы в Стокгольме
|f 1817-1889
|g Виктор
|
| 702 |
|
1 |
|a Хирьяков
|b М.
|c горный инженер
|4 730
|
| 801 |
|
1 |
|a RU
|b 63413507
|c 20160629
|
| 801 |
|
2 |
|a RU
|b 63413507
|c 20230327
|g RCR
|
| 942 |
|
|
|c BK
|